000
00251nam a22001097a 4500
082
_a
823/KAN
100
_a
kannan,Preetha Rajah
_9
82898
245
_a
Sita and Ravana The Last Battle
260
_a
Delhi
_b
Jaico
_c
2025
650
_a
Fiction
942
_c
BK
999
_c
68685
_d
68685